<?xml version="1.0" encoding="UTF-8"?>
<collection xmlns="http://www.loc.gov/MARC21/slim">
 <record>
  <leader>04849nam a2200361 a 4500</leader>
  <controlfield tag="001">kal4256</controlfield>
  <controlfield tag="003">Gr-AtHEAL</controlfield>
  <controlfield tag="005">20160425074136.0</controlfield>
  <controlfield tag="006">m        d        </controlfield>
  <controlfield tag="008">160413s2015    gr      s           gre|c</controlfield>
  <datafield tag="020" ind1=" " ind2=" ">
   <subfield code="a">9789606033919</subfield>
  </datafield>
  <datafield tag="040" ind1=" " ind2=" ">
   <subfield code="a">GR-AtHEAL</subfield>
   <subfield code="b">gre</subfield>
   <subfield code="c">GR-AtHEAL</subfield>
  </datafield>
  <datafield tag="082" ind1="0" ind2="4">
   <subfield code="a">338.4</subfield>
   <subfield code="2">23</subfield>
  </datafield>
  <datafield tag="100" ind1="1" ind2=" ">
   <subfield code="a">Παιτσίνης Κώστα, Γεώργιος.</subfield>
   <subfield code="8">934</subfield>
  </datafield>
  <datafield tag="245" ind1="1" ind2="2">
   <subfield code="a">Η ανάπτυξη του αθλητικού τουρισμού</subfield>
   <subfield code="h">[Ηλεκτρονικός πόρος] </subfield>
   <subfield code="c">Παιτσίνης Κώστα, Γεώργιος ; Υφαντίδου, Γεωργία ; Κριτικός αναγνώστης,Λαλούμης, Δημήτριος ; Τεχνική επιμέλεια,Υφαντίδου, Γεωργία.</subfield>
  </datafield>
  <datafield tag="260" ind1=" " ind2=" ">
   <subfield code="a">Αθήνα :</subfield>
   <subfield code="b">Σύνδεσμος Ελληνικών Ακαδημαϊκών Βιβλιοθηκών,</subfield>
   <subfield code="c">c2015.</subfield>
  </datafield>
  <datafield tag="490" ind1=" " ind2=" ">
   <subfield code="a">Ακαδημαϊκά Ηλεκτρονικά Συγγράμματα και Βοηθήματα Κάλλιπος</subfield>
   <subfield code="8">40</subfield>
  </datafield>
  <datafield tag="520" ind1=" " ind2=" ">
   <subfield code="a">Το βιβλίο αυτό απευθύνεται σε προπτυχιακούς και μεταπτυχιακούς φοιτητές που διδάσκονται θέματα αθλητικού τουρισμού καθώς και σε επαγγελματίες του χώρου αυτού που επιθυμούν να κατανοήσουν σε βάθος το αντίστοιχο θεωρητικό υπόβαθρο. Μπορεί να χρησιμοποιηθεί τόσο από μη εξοικειωμένους αναγνώστες, όσο και από προχωρημένους επιστήμονες του κλάδου. Διδάσκοντες, φοιτητές, σπουδαστές και επαγγελματίες του χώρου του αθλητικού τουρισμού μπορούν να βρουν στο βιβλίο αυτό το απαραίτητο υλικό για την κατανόηση των εννοιών που σχετίζονται με :- Τουρισμό- Αθλητικό Τουρισμό- Κίνητρα και Κοινωνικο-ψυχολογικές Ανάγκες- Τουριστική Τυπολογία- Τουριστική Εικόνα - Τουριστικό Μάρκετινγκ- Πράσινος Τουρισμός- Αθλητικό τουρισμό και Άτομα με ΑναπηρίαΣτόχος η θεωρητική κατάρτιση σε θέματα που αφορούν στον αθλητικό τουρισμό, την ανάπτυξη επιχειρηματικών ιδεών και την ήπια ανάπτυξη αθλητικών τουριστικών προορισμών, όπως, επίσης, και τη διοίκηση των ομάδων / συμμετεχόντων στις δραστηριότητες του ΑΤ και τις συγγενείς μορφές. Επιμέρους στόχοι είναι α) να δημιουργήσει προϋποθέσεις για ερευνητική δραστηριότητα σχετικά με τον αθλητικό τουρισμό στην Ελλάδα, β) να δημιουργήσει τις κατάλληλες προϋποθέσεις για επαγγελματική δραστηριότητα στις επιχειρήσεις και τους οργανισμούς που ασχολούνται με τον αθλητικό τουρισμό σε εθνικό και διεθνές επίπεδο, γ) ανάπτυξη επιχειρηματικότητας σε σχέση με τον ΑΤ και δ) να κάνει ικανούς τους αναγνώστες να οργανώνουν αθλητικά και πολιτιστικά γεγονότα.</subfield>
  </datafield>
  <datafield tag="650" ind1=" " ind2="0">
   <subfield code="a">Sports and tourism</subfield>
   <subfield code="8">2353</subfield>
  </datafield>
  <datafield tag="653" ind1=" " ind2=" ">
   <subfield code="a">Ανάγκες</subfield>
  </datafield>
  <datafield tag="653" ind1=" " ind2=" ">
   <subfield code="a">Τουριστικοί ρόλοι</subfield>
  </datafield>
  <datafield tag="653" ind1=" " ind2=" ">
   <subfield code="a">ΑΜΕΑ</subfield>
  </datafield>
  <datafield tag="653" ind1=" " ind2=" ">
   <subfield code="a">Προσβασιμότητα</subfield>
  </datafield>
  <datafield tag="653" ind1=" " ind2=" ">
   <subfield code="a">Πράσινος τουρισμός</subfield>
  </datafield>
  <datafield tag="653" ind1=" " ind2=" ">
   <subfield code="a">Αθλητικός τουρισμός</subfield>
  </datafield>
  <datafield tag="653" ind1=" " ind2=" ">
   <subfield code="a">Επιστήμες της ζωής</subfield>
   <subfield code="a">Αθλητική επιστήμη/επιστήμη φυσικής αγωγής και αθλητισμού</subfield>
   <subfield code="a">Αθλητική διοίκηση</subfield>
   <subfield code="a">Αθλητικός τουρισμός</subfield>
  </datafield>
  <datafield tag="700" ind1="1" ind2=" ">
   <subfield code="a">Υφαντίδου, Γεωργία</subfield>
   <subfield code="e">Συγγραφέας</subfield>
   <subfield code="8">935</subfield>
  </datafield>
  <datafield tag="700" ind1="1" ind2=" ">
   <subfield code="a">Λαλούμης, Δημήτριος</subfield>
   <subfield code="e">Κριτικός αναγνώστης</subfield>
   <subfield code="8">936</subfield>
  </datafield>
  <datafield tag="856" ind1="4" ind2="0">
   <subfield code="u">http://hdl.handle.net/11419/4256</subfield>
   <subfield code="z">Πλήρες Κείμενο - Full text</subfield>
  </datafield>
  <datafield tag="907" ind1=" " ind2=" ">
   <subfield code="a">.b25680511</subfield>
   <subfield code="b">12-06-18</subfield>
   <subfield code="c">29-07-16</subfield>
  </datafield>
  <datafield tag="949" ind1=" " ind2=" ">
   <subfield code="0">0</subfield>
   <subfield code="1">0</subfield>
   <subfield code="2">ddc</subfield>
   <subfield code="4">0</subfield>
   <subfield code="6">338_400000000000000_ΠΑΙ</subfield>
   <subfield code="7">0</subfield>
   <subfield code="8">KALL</subfield>
   <subfield code="8">810</subfield>
   <subfield code="d">2016-04-13</subfield>
   <subfield code="r">2016-04-13</subfield>
   <subfield code="w">2016-04-13</subfield>
   <subfield code="z">338.4 ΠΑΙ</subfield>
   <subfield code="o">SEAB KALLIPOS</subfield>
  </datafield>
  <datafield tag="998" ind1=" " ind2=" ">
   <subfield code="a">80</subfield>
   <subfield code="a">01</subfield>
   <subfield code="a">02</subfield>
   <subfield code="a">03</subfield>
   <subfield code="a">04</subfield>
   <subfield code="a">05</subfield>
   <subfield code="a">06</subfield>
   <subfield code="a">07</subfield>
   <subfield code="a">08</subfield>
   <subfield code="a">09</subfield>
   <subfield code="a">10</subfield>
   <subfield code="a">11</subfield>
   <subfield code="a">12</subfield>
   <subfield code="a">13</subfield>
   <subfield code="a">14</subfield>
   <subfield code="a">15</subfield>
   <subfield code="a">16</subfield>
   <subfield code="a">17</subfield>
   <subfield code="a">18</subfield>
   <subfield code="a">19</subfield>
   <subfield code="a">20</subfield>
   <subfield code="a">21</subfield>
   <subfield code="a">22</subfield>
   <subfield code="a">23</subfield>
   <subfield code="a">24</subfield>
   <subfield code="a">25</subfield>
   <subfield code="a">26</subfield>
   <subfield code="b">19-05-17</subfield>
   <subfield code="c">m</subfield>
   <subfield code="d">z  </subfield>
   <subfield code="e">-</subfield>
   <subfield code="f">gre</subfield>
   <subfield code="g">gr </subfield>
   <subfield code="h">2</subfield>
  </datafield>
  <datafield tag="942" ind1=" " ind2=" ">
   <subfield code="2">ddc</subfield>
   <subfield code="c">KALLIPOS</subfield>
  </datafield>
 </record>
</collection>
